[Event "Bundesliga 0304"]
[Site "Germany"]
[Date "2004.04.24"]
[Round "14.3"]
[White "Papa, Severin"]
[Black "Wahls, Matthias"]
[Result "0-1"]
[WhiteElo "2401"]
[BlackElo "2546"]
[Annotator "Roiz,M"]
[PlyCount "42"]
[EventDate "2003.11.01"]
[EventType "team-tourn"]
[EventRounds "15"]
[EventCountry "GER"]
[SourceTitle "CBM 101"]
[Source "ChessBase"]
[SourceDate "2004.07.27"]
[SourceVersion "1"]
[SourceVersionDate "2004.07.27"]
[SourceQuality "1"]
[WhiteTeam "Stuttgart"]
[BlackTeam "Hamburger SK"]
[WhiteTeamCountry "GER"]
[BlackTeamCountry "GER"]

1. d4 Nf6 2. Bg5 e6 3. e4 h6 4. Bxf6 Qxf6 5. c3 {That quiet move is not the
best attempt to fight for the opening advantage, as black has a pair of
bishops, so he could stand well after completing the development.} ({The most
ambitious and probably the best here is:} 5. Nc3) 5... d6 {Black wants to
set-up a solid pawn chain and try to put pressure on white's centre with Bg7.}
({Besides,black can also play a French type of position,which is not bad at
all,since white has already changed an important dark-squared bishop:} 5... d5
6. e5 Qd8 7. Nf3 c5 8. dxc5 Nd7 (8... Bxc5 9. Bd3 Nc6 10. Nbd2 Bd7 11. O-O O-O
$11) 9. b4 g6 (9... Qc7 10. Bb5 Be7 11. O-O O-O 12. Re1 b6 13. c6 Nb8 14. Nd4
a6 15. Ba4 b5 16. Bc2 Nxc6 17. Qd3 g6 18. Nxc6 Qxc6 19. Nd2 Bd7 20. Qg3 Rfc8
21. Bxg6 Qxc3 22. Nf3 fxg6 23. Qxg6+ Kf8 24. Qxh6+ Ke8 25. Qg6+ Kf8 $11 {
1/2-1/2 Saldano,H-Epishin,V/Almeria 2003/CBM 95 ext (29)}) 10. Nbd2 Bg7 11. Bb5
O-O 12. Bxd7 Bxd7 13. O-O Qc7 14. Re1 b6 15. Nb3 Ba4 $44 {1/2-1/2 Milov,
V-Epishin,V/Amsterdam 2000/CBM 77 ext (25)}) 6. Bd3 {[%cal Gg1e2] White's main
idea in that position is to use his stable centre and to push f2-f4-that's why
it better to put the knight on e2.} g6 (6... e5 7. Ne2 Nc6 (7... Qd8 8. O-O Be7
9. f4 O-O 10. Nd2 Bf6 11. fxe5 dxe5 12. d5 c6 13. Ng3 Nd7 14. Kh1 a5 15. Qf3
$14 {1-0 Milov,V-Moor,O/Switzerland 2001/EXT 2002 (38)}) 8. O-O g5 $6 9. Bb5
Bd7 10. Qa4 Qd8 11. dxe5 dxe5 12. Rd1 Bd6 13. Nd2 a6 14. Bxc6 Bxc6 15. Qc2 Qf6
16. Nc4 O-O-O 17. Ng3 $14 {1-0 Milov,V-Tatai,S/Bratto 2003/EXT 2004 (56)}) (
6... Nd7 7. Ne2 g6 8. O-O Bg7 9. f4 Qe7 10. Nd2 O-O 11. e5 a5 12. Qe1 b6 13.
Qg3 Ba6 14. Bxa6 Rxa6 15. h4 $36 {1-0 Rogers,I-Arakhamia Grant,K/Wijk aan Zee
2002/CBM 86 ext (35)}) 7. Ne2 e5 {That move is more or less necessary, since
white is already prepared for f2-f4.} (7... Bg7 8. O-O O-O 9. f4 Qe7 10. e5 Bd7
11. Nd2 dxe5 12. fxe5 Bc6 13. Ng3 Nd7 14. Qe2 a5 15. Rf4 b5 16. Raf1 b4 17.
Nde4 Bxe4 18. Nxe4 Rad8 19. Nf6+ Kh8 20. Qe3 bxc3 21. Rh4 {1-0 Hodgson,
J-Downey,K/Swansea 1999/EXT 2004 (21)}) 8. Nd2 {White must play energetically
in order to exploit his development advantage. That continuation allows black
to complete development and to put pressure on white's pressure.} ({On the
other hand,an immediate f2-f4 allows black to prove an advantages of his pair
of bishops:} 8. O-O Bg7 9. f4 exd4 $1 10. cxd4 (10. Nxd4 Nc6 11. Nxc6 bxc6 12.
Nd2 O-O $15) 10... Bg4 $1 11. e5 (11. Nbc3 $2 Qxd4+ $1 12. Nxd4 Bxd4+ 13. Kh1
Bxd1 $17) 11... dxe5 12. dxe5 Qb6+ 13. Kh1 Nc6 14. Nbc3 O-O-O 15. Qb1 Qe3 $36 {
1/2-1/2 Rodriguez Gonzalez,J-Vehi Bach,V/Andorra 2002/CBM 89 ext (46)}) 8...
Bg7 9. O-O Nc6 $1 $146 {A good move, which forces white to waste some time for
holding his centre.} (9... O-O 10. f4 exd4 11. Nxd4 (11. cxd4 Bg4 12. Nf3 Nc6
$132 (12... c5 13. dxc5 dxc5 14. e5 Qb6 $11)) 11... Nc6 12. Nb5 Qd8 13. Qe1 a6
14. Na3 b5 15. Nf3 Rb8 $15 {1-0 Minnican,A-Grant,J/Edinburgh 1999/CBM 71 ext 
(52)}) 10. Nb3 ({Comes to cosideration:} 10. d5 Ne7 11. a4 O-O 12. a5 a6 13. b4
$11 {with a long strategical struggle with mutual chances.}) 10... O-O 11. f4 {
White has no other plan in this position, but black is developed well and
ready to start a counterplay.} exd4 12. cxd4 Nb4 {White has no comfortable
spot for Bd3, and the following e4-e5 isn't powerful.} (12... Bg4 $5 13. e5 Qe7
14. h3 Be6 15. Be4 Rad8 $15) 13. e5 $6 {A strategical mistake-after opening
the position black's bishops will be much stronger. More than that, white's
key pawn d4 will be very weak.} (13. Nc3 $142 c5 (13... Be6 14. e5 dxe5 15.
dxe5 Qe7 16. Be4 $11) 14. dxc5 (14. d5 $6 Nxd3 15. Qxd3 Re8 16. Rae1 Qh4 $15)
14... dxc5 15. e5 Qe7 16. Bc4 $11) 13... dxe5 14. fxe5 (14. dxe5 $2 Qb6+ 15.
Kh1 Rd8 $19) 14... Qb6 15. Kh1 Be6 $17 16. Nc5 $2 {After that natural move
white couldn't control his central pawns any more.} (16. Be4 Rad8 17. Nc5 Bc4
$17) (16. Nf4 $142 $1 Nxd3 $1 (16... Bxb3 $6 17. Qxb3 Qxd4 $2 18. Bc4 $1 $40 {
[%csl Rg6][%cal Gf4g6]}) 17. Qxd3 (17. Nxe6 Nxb2 18. Qc2 fxe6 19. Qxb2 Qb5 $17)
17... Bxb3 18. Qxb3 (18. axb3 Rad8 $17) 18... Qxb3 19. axb3 Rfd8 $15) 16...
Rad8 17. Nf4 {A desperation! White is unable to create any counterplay.} ({
White's position seems to be hopeless after} 17. Be4 Bc4 18. Nxb7 Bxe2 19. Qxe2
Rxd4 $19 {[%csl Rb7]}) 17... Rxd4 18. Nfxe6 fxe6 $19 {Black has already an
extra pawn and will win the second pawn very soon. But the most important fact
is that the pin is practically unavoidable.} 19. Rc1 (19. Rxf8+ Bxf8 20. Qf3
Qxc5 21. Bxg6 Qe7 22. Rf1 Nd5 23. Bf7+ Kh8 $19 {[%cal Gd4f4]}) 19... Nxd3 20.
Nxd3 Qb5 21. Rc3 Rfd8 (21... Rfd8 22. Rf3 Qxe5 $19) 0-1

[Event "Horgen-B"]
[Site "Horgen"]
[Date "1995.??.??"]
[Round "1"]
[White "Hodgson, Julian M"]
[Black "Gabriel, Christian"]
[Result "1-0"]
[WhiteElo "2590"]
[BlackElo "2475"]
[Annotator "Romero Holmes"]
[PlyCount "83"]
[EventDate "1995.10.??"]
[EventType "tourn"]
[EventRounds "9"]
[EventCountry "SUI"]
[EventCategory "11"]
[SourceTitle "CBM 050"]
[Source "ChessBase"]
[SourceDate "1996.02.01"]
[SourceVersion "1"]
[SourceVersionDate "1996.02.01"]
[SourceQuality "1"]

1. d4 {Stohl} Nf6 2. Bg5 e6 3. e4 h6 4. Bxf6 Qxf6 {Stohl: An interesting
position-White has a strong center and space, but Black's B-pair is a
potential force, which can't be underestimated.} 5. Nc3 d6 6. Qd2 (6. Nf3 {
Stohl} a6 (6... Bd7 7. Qd2 Nc6 8. O-O-O O-O-O 9. Bb5 g5 10. d5 Nb8 11. Kb1 Bg7
12. e5 dxe5 13. Ne4 Qe7 14. d6 Bxb5 15. dxe7 Rxd2 16. Rxd2 Nd7 17. Rhd1 b6 18.
c4 Bc6 19. Nc3 a6 20. b4 Re8 21. b5 axb5 22. cxb5 Bxf3 23. gxf3 Rxe7 24. a4 f5
25. Na2 Bf8 {1/2/Hracek,Z-Dokhoian,Y/BL 9495 Bochum-Bremen/1994/}) 7. Bd3 Nc6
8. O-O Bd7 9. e5 dxe5 10. Ne4 Qf4 11. g3 Qg4 12. dxe5 Nb4 13. Kg2 Nxd3 14. cxd3
Bc6 15. Qe2 Bd5 16. Rac1 c6 17. Nc3 Bxf3+ 18. Qxf3 Qxf3+ 19. Kxf3 $10 {Grivas,
E-Sturua,Z/Katerini op/1992/}) 6... g5 (6... g6 {Stohl} 7. f4 Bg7 8. O-O-O O-O
9. Nf3 Nd7 10. h4 h5 11. e5 Qe7 12. Ne4 a5 13. Bd3 Bh6 14. Nfg5 f6 15. exf6
Nxf6 16. Nxf6+ Qxf6 17. g3 Bd7 18. Rhe1 Kg7 19. Qc3 Rfc8 20. Ne4 Qe7 21. Kb1
Kh8 22. Ng5 Qf6 23. d5 $1 $36 {Orlov,G-Reyes,E/Seattle Washingt-ch/1995/}) 7.
O-O-O (7. h4 {Stohl} Bg7 8. hxg5 hxg5 9. Rxh8+ Bxh8 10. O-O-O Nc6 (10... Bd7
11. Nf3 Nc6 12. d5 Nb4 {[%cal Rb4a2] /\Na2!} 13. Bc4 b5 14. e5 Qf4 15. Qxf4
gxf4 16. Nxb5 Bxb5 17. Bxb5+ Ke7 18. dxe6 fxe6 19. exd6+ cxd6 20. c3 Nxa2+ 21.
Kc2 Rc8 22. Ra1 Nb4+ 23. Kd2 $14 {Lputian,S-Tukmakov,V/Tilburg 20'/1994/}) 11.
Bb5 Bd7 12. Nge2 O-O-O 13. Qe3 Kb8 14. f3 Bg7 15. g4 Rh8 16. Ng3 Qf4 17. Qxf4
gxf4 18. Bxc6 fxg3 19. Bxd7 Bh6+ 20. Kb1 Be3 21. Ne2 g2 22. Ba4 Bxd4 $1 23. c3
Be3 24. Kc2 {1/2/Shereshevski,M-Kolev,At/Elenite-B/1994/} Rh1 $10) 7... Bg7 8.
g3 (8. Nf3 {Stohl} Nc6 9. Bb5 Bd7 $13) (8. e5 {Stohl} dxe5 9. dxe5 Qe7 10. f4
Nc6 (10... gxf4 11. Nf3 Nc6 12. Qxf4 Bd7 13. Ne4 O-O-O 14. a3 Nb8 15. Bc4 Bc6
16. Rde1 Nd7 17. Rhf1 Rhf8 18. Ned2 Nb6 19. Nd4 Bd5 20. Bxd5 Rxd5 21. c4 Rd7
22. N4b3 f5 $5 $132 {Kappler,JM-Ciric,D/Budapest2/1994/}) 11. Nf3 Bd7 12. h4
gxf4 13. Qxf4 O-O-O 14. Ne4 Nb8 $1 15. Be2 Bc6 16. Nf6 Nd7 17. Nh5 Bxf3 18.
Bxf3 Bxe5 19. Qe4 c6 20. Rxd7 Bxb2+ 21. Kxb2 Rxd7 $17 {Adams,M-Karpov,A/Las
Palmas/1994/}) (8. Kb1 {Stohl} Nc6 9. Bb5 Bd7 10. e5 $6 dxe5 11. d5 exd5 12.
Nxd5 Qd6 13. Qc3 O-O 14. Ne2 Nd4 15. Qxc7 Qxc7 16. Nxc7 Rad8 17. Nxd4 exd4 18.
Bxd7 Rxd7 19. Nb5 a6 20. Nc3 Re7 21. Nd5 Re2 22. h4 Rc8 $36 {Gunter,D-Britton,
R/Hastings Masters/1995/}) 8... Nc6 (8... g4 $2 9. h3 (9. h3 {Stohl} h5 10.
hxg4 hxg4 11. Rxh8+ Bxh8 12. e5 dxe5 13. dxe5 Qe7 14. f4 gxf3 15. Nxf3 Bd7 16.
Ne4 Bg7 17. Nf6+ Bxf6 18. Qh6 $1 Bg7 19. Qxg7 Qf8 20. Qf6 Nc6 21. Bb5 a6 22.
Rh1 Ne7 23. Rh8 Ng8 24. Qg5 {1-0/Greenfeld,A-Stull,N/Moscow olm/1994/})) 9. Bb5
(9. d5 $6 {Stohl} Nd4 {[%cal Gh8a1] |^/^a1-h8}) 9... Bd7 10. Nge2 a6 (10...
Qxf2 $2 11. Rdf1 Qg2 12. h4 $36 {@} (12. d5 $36 {Stohl @}) 12... Nxd4 $2 13.
Bxd7+ Kxd7 14. Rhg1) 11. Bxc6 (11. Ba4 $5 $13 {Stohl}) 11... Bxc6 {Center and
knights against powerful bishops.An interesting strategical battle is coming
on  Stohl: Two Knights against two Bishops-a sharp strategic struggle, which
would delight Chigorin, arises.} 12. f4 O-O-O {Stohl: Both sides castled
Queen-side, after the sharp 6...g5!? it's only a logical outcome.} 13. Rhf1 Qg6
(13... Qe7 {Stohl} 14. g4 (14. f5 exf5 15. Rxf5 Rde8 16. Rdf1 Rhf8 $15) 14...
h5 $5 $132 {[%csl Gc6,Gg7] ^^}) 14. g4 {[%csl Rg6][%cal Rf4f5] Stopping the
possibility Qh5 at the cost of one pawn, maybe a little optimisti c. ףg6,/
\f5|^} (14. f5 exf5 15. exf5 Qh5) (14. Qe3 $5 Qh5 {[%csl Gc6,Gg7] ^^} (14... f5
$1 $15 {[%csl Gc6,Gg7] ^^}) 15. Rf2 {This is a key position for next testings
of this critical variation.} (15. d5 {Opening the e column is also dangerous
for white} exd5 16. exd5 Bb5 17. Nxb5 axb5 (17... Rde8 18. Qa7 Rxe2 19. Nd4)
18. Nd4 Rhe8 $132)) 14... Bxe4 15. Ng3 (15. Nxe4 $2 Qxe4 16. fxg5 hxg5 17. Rxf7
Rxh2 $17) 15... d5 (15... Bc6 16. f5 exf5 (16... Qh7 17. Nh5 $1 $13 (17. d5
Bxc3 18. Qxc3 Bxd5 $17) (17. f6 {Stohl} Bf8 18. d5 Bd7 19. h3 c6 $1 $15)) 17.
Nxf5 $1 (17. gxf5 Qh7 18. f6 (18. Nh5 $5 $44) 18... Bf8 19. Nf5 $44 (19. d5 {
Stohl} Bd7 20. Nge4 $44 {[%csl Rf8] ץf8})) 17... Bf8 18. d5 Bd7 19. Qd4 $1)
16. Ncxe4 (16. f5 $2 {Stohl} exf5 17. gxf5 Qb6 $17) 16... dxe4 17. f5 {Stohl:
Although Black's Bishop is an active piece, White's strong Nf5 and superior
pawn structure give him compensation for the pawn. But it's hard to believe
White could be better at this phase of the game.} exf5 (17... Qh7 {Stohl} 18.
Qe3 $16) (17... Qf6 {Stohl} 18. c3 $1 {[%cal Rg3e4] /\Ne4+/-} (18. Nh5 Qxd4 19.
f6 Qxd2+ 20. Rxd2 Bf8 $17)) 18. Nxf5 Rhe8 {The knight is very well placed, and
the the structure in the king side justifi es the sacrifice. The danger of the
black passed pawn just give black some cha nces of counterplay.} 19. Qg2 (19.
Qe3 $5 Bh8 $13) 19... Bf8 (19... e3 {Stohl} 20. Rfe1 $16 {[%cal Rd1d3,Rd3e3] /
\Rd3-e3}) (19... Bh8 $5 {[%cal Yh6h5] Stohl /\h5,/^h8-a1}) 20. Rfe1 Qe6 21. Kb1
h5 $1 {This a useful move. The pawn h6 is always hanging and the opening of
the h col umn will be favourable for black} 22. h3 hxg4 23. hxg4 Qd5 (23... c5
$142 {Stohl} 24. c3 $13) 24. Re3 Re6 25. Rde1 Bd6 (25... Rde8 26. b3) (25... c5
$5 {Stohl}) 26. Qe2 (26. Rxe4 Rh8 (26... Rde8 {Stohl} 27. Rxe6 Rxe6 28. Qg1 Qg2
$10)) 26... Bf4 27. c4 Qa5 28. Rc3 {With one pawn less still, white have good
chances due to the pawn storm in  the center and the bad placed black queen.} (
28. Rxe4 Rde8 $1 (28... Rde8 {Stohl} 29. Qg2 Qxe1+ 30. Rxe1 Rxe1+ 31. Kc2 R8e2+
$19)) 28... Rh8 $6 (28... c6 29. d5) (28... e3 $5 {This was the critical move})
(28... e3 $1 {Stohl} 29. Ra3 Qb4 30. Rb3 Qa5 $10 (30... Qf8 $6 31. Qf3 $36))
29. Qd1 $1 Qb4 (29... Rh2 $142 $5 {Stohl} 30. Rh1 Rxh1 31. Qxh1 Kb8 $1 (31...
e3 32. Qh8+ Kd7 33. Qf8 $16) 32. d5 Re5 $13) 30. a3 Qf8 31. d5 Re8 32. c5 $36 {
It is clear that now White has good atacking chances} Rh2 33. c6 Bd2 (33...
bxc6 34. dxc6 Rd8 35. Qb3 $18) (33... b5 34. Qd4 {[%cal Rd4a7] /\Qa7+-} Kb8 $8
35. Rxe4 $16) 34. Qb3 (34. d6 $5 {Stohl} cxd6 35. cxb7+ $40) 34... b5 (34... b6
{Stohl} 35. Qa4 a5 36. Qb5 $18) 35. d6 $36 (35. Rc2 $5) 35... Bxe1 (35... cxd6
36. Qd5 {[%cal Rb3d5,Rb3g3] /\Qd5,Qg3} (36. Rc2 {[%cal Rb3d5,Rb3g3] /\Qd5,Qg3}
Re5 37. Rxd2 $1 Rxd2 38. Qe3 {[%cal Re3a7] /\Qa7+-}) 36... Kc7 37. Rc2 Bxe1 38.
Rxh2 Re5 39. Qd4) 36. d7+ $18 Kb8 (36... Kd8 {Stohl} 37. dxe8=Q+ Qxe8 (37...
Kxe8 38. Qd5 $18) 38. Re3 $1 {[%cal Rb3d5,Re3e4] /\Qd5,Re4->+-}) 37. Rc5 $1 {
The winning move} Ba5 (37... Ka7 $8 {Stohl} 38. dxe8=Q (38. Rxb5 $2 axb5 39.
Qxb5 Rxb2+ $1 $19) 38... Qxe8 39. Nd4 $1 Qc8 {[%cal Re1a5] /\Ba5} (39... b4 40.
Qa4 $40) (39... Bf2 40. Nxb5+ axb5 41. Rxb5 Bb6 42. Qa4+ Kb8 43. Rxb6+ $1 cxb6
44. c7+ Kxc7 45. Qxe8 $18) 40. Nxb5+ axb5 41. Rxb5 Qa6 42. Rb7+ Ka8 $10) 38.
Rxb5+ axb5 (38... Ka7 {Stohl} 39. Rb7+ Ka8 40. Ra7+ $1) (38... Ka8 {Stohl} 39.
Rxa5 $18) 39. Qxb5+ Bb6 40. Qa6 Rxb2+ 41. Kxb2 Qh8+ 42. Kb3 1-0

[Event "Interzonal-16"]
[Site "Biel"]
[Date "1993.??.??"]
[Round "10"]
[White "Salov, Valery"]
[Black "Van der Sterren, Paul"]
[Result "1/2-1/2"]
[WhiteElo "2685"]
[BlackElo "2525"]
[Annotator "Salov,V"]
[PlyCount "93"]
[EventDate "1993.07.16"]
[EventType "swiss"]
[EventRounds "13"]
[EventCountry "SUI"]
[SourceTitle "CBM 037"]
[Source "ChessBase"]
[SourceDate "1993.12.01"]
[SourceVersion "1"]
[SourceVersionDate "1993.12.01"]
[SourceQuality "1"]

1. d4 Nf6 2. Bg5 Ne4 3. Bf4 d5 4. Nd2 Bf5 5. e3 Nxd2 6. Qxd2 e6 7. Nf3 Nd7 8.
c4 dxc4 $1 9. Bxc4 Nb6 $1 10. Bd3 Nd5 (10... Bxd3 $6 11. Qxd3 Bb4+ 12. Ke2 $14)
11. O-O Bxd3 (11... Nxf4 12. Bxf5 exf5 13. exf4 Be7 14. Qd3 $1 $16) 12. Qxd3
Nxf4 13. exf4 Qd5 $1 14. Rfe1 Bd6 15. f5 O-O 16. fxe6 fxe6 $10 17. Qe4 Rf6 18.
Re3 a5 $5 19. Rae1 a4 20. Qxd5 (20. Qc2 $6 Qxa2 (20... Rg6 $5) 21. Ng5 Rg6 22.
Nxh7 Rh6 $132) 20... exd5 21. g3 g6 22. Kg2 Kg7 23. h4 (23. Ng5 $5 h6 24. Ne6+
Kg8 (24... Kf7 $4 25. Nxc7 $18) 25. f4 Re8 26. Kf3 $14) 23... h6 24. Nh2 Rff8
$1 25. f4 Kf7 $1 26. Ng4 h5 27. Ne5+ Bxe5 28. Rxe5 Rfe8 $1 $10 29. Rc1 (29. f5
Rxe5 30. Rxe5 Ra5 $1 $132) 29... c6 30. Kf3 Rxe5 31. fxe5 Rf8 32. Ke3 Ke6 33.
b4 axb3 34. axb3 g5 $1 $8 (34... Ra8 35. Rf1 Ra3 36. Rf6+ Ke7 37. Rxg6 Rxb3+
38. Kf4 $16) 35. hxg5 Rf5 36. Rh1 Rxg5 37. Kf3 Rg4 38. Rh4 Rxh4 39. gxh4 Kf5 (
39... b6 $10) 40. b4 b6 41. b5 (41. Ke3 c5 42. bxc5 bxc5 43. dxc5 Kxe5 44. Kd3
d4 45. Kc4 Ke4 $10) 41... cxb5 42. Ke3 Ke6 43. Kd3 Kd7 44. Kc3 Kc7 45. Kb3 Kd7
46. Kb4 Kc6 47. e6 (47. e6 Kd6 48. Kxb5 Kxe6 49. Kxb6 Kf5 50. Kc6 Kg4 $10)
1/2-1/2